000 00410nam a2200157 i 4500
001 101525
003 ES-MaACL
005 20230906182927.0
007 t|
008 051020s1969 sp ||||1| spa d
100 1 _aMedina, Marisa.
_979707
245 1 0 _aTiempo de despertar /
_cMarisa Medina.
260 _aMadrid :
_bLiteroy,
_c1969.
300 _a104 p. ;
_c19 cm.
852 _aES-MaACL
_jC-39808
_bR.71402
999 _c101525
_d101525